[Event "ROM-chT div-A"]
[Site "Mamaia"]
[Date "2019.09.26"]
[Round "6.3"]
[White "Suciu, Dinu Simi"]
[Black "Milu, Romeo Sorin"]
[Result "1/2-1/2"]
[WhiteElo "2084"]
[BlackElo "2376"]
[PlyCount "21"]
[EventDate "2019.09.21"]
[EventType "team-tourn"]
[EventRounds "9"]
[EventCountry "ROU"]
[SourceTitle "EXT 2020"]
[Source "ChessBase"]
[SourceDate "2019.10.17"]
[SourceVersion "1"]
[SourceVersionDate "2019.10.17"]
[SourceQuality "1"]
[WhiteTeam "Resita Muncitorul"]
[BlackTeam "Ghiroda Si Giarmata VII"]
[WhiteTeamCountry "ROU"]
[BlackTeamCountry "ROU"]

1. c4 e6 2. g3 d5 3. Bg2 Nf6 4. Nf3 Be7 5. 0-0 0-0 6. cxd5 exd5 7. d4 b6 8. Nc3 Bb7 9. Bf4 Na6 10. Rc1 c5 11. Ne5 1/2-1/2

[Event "ROM-chT div-A"]
[Site "Mamaia"]
[Date "2019.09.25"]
[Round "5.4"]
[White "Nastore, Pavel Alexandru"]
[Black "Milu, Romeo Sorin"]
[Result "0-1"]
[WhiteElo "2030"]
[BlackElo "2376"]
[PlyCount "98"]
[EventDate "2019.09.21"]
[EventType "team-tourn"]
[EventRounds "9"]
[EventCountry "ROU"]
[SourceTitle "EXT 2020"]
[Source "ChessBase"]
[SourceDate "2019.10.17"]
[SourceVersion "1"]
[SourceVersionDate "2019.10.17"]
[SourceQuality "1"]
[WhiteTeam "Buzau Phoenix"]
[BlackTeam "Ghiroda Si Giarmata VII"]
[WhiteTeamCountry "ROU"]
[BlackTeamCountry "ROU"]

1. e4 d6 2. d4 Nf6 3. Nc3 e5 4. Nf3 Nbd7 5. Bc4 Be7 6. 0-0 0-0 7. Re1 exd4 8. Nxd4 Ne5 9. Bf1 Re8 10. h3 Bf8 11. Bg5 c6 12. Qd2 h6 13. Be3 Ng6 14. f3 Bd7 15. a4 Qc7 16. Bd3 b6 17. Bf2 a6 18. Nf5 b5 19. Bd4 Bxf5 20. exf5 Ne5 21. Bf1 Ned7 22. Qf4 Rxe1 23. Rxe1 Re8 24. Rxe8 Nxe8 25. Ne4 d5 26. Qxc7 Nxc7 27. Nd2 bxa4 28. Be2 a3 29. bxa3 Bxa3 30. Nb3 Nb5 31. Be3 Bb4 32. Kf2 Kf8 33. Bd3 Ke7 34. Kg3 c5 35. c4 dxc4 36. Bxc4 Nd6 37. Bxa6 Nxf5+ 38. Kf2 Nxe3 39. Kxe3 Kd6 40. Nc1 Nb6 41. Nd3 Ba3 42. Nf2 c4 43. Ne4+ Kc6 44. Nc3 Bb2 45. Bb5+ Kc5 46. Na4+ Kxb5 47. Nxb2 c3 48. Nd3 Kc4 49. Ke4 c2 0-1

[Event "Brasschaat op 15th"]
[Site "Brasschaat"]
[Date "2015.08.23"]
[Round "9"]
[White "Milu, Romeo Sorin"]
[Black "Izsak, Gyula"]
[Result "1/2-1/2"]
[WhiteElo "2375"]
[BlackElo "2445"]
[PlyCount "29"]
[EventDate "2015.08.15"]
[EventType "swiss"]
[EventRounds "9"]
[EventCountry "BEL"]
[SourceTitle "EXT 2016"]
[Source "ChessBase"]
[SourceDate "2015.10.08"]
[SourceVersion "1"]
[SourceVersionDate "2015.10.08"]
[SourceQuality "1"]

1. e4 c5 2. Nf3 e6 3. c3 Nf6 4. e5 Nd5 5. d4 cxd4 6. cxd4 d6 7. a3 Nc6 8. Bd3 Be7 9. 0-0 0-0 10. Re1 Bd7 11. Nbd2 Nf4 12. Bf1 Ng6 13. exd6 Bxd6 14. Ne4 Bf4 15. Nc3 1/2-1/2

[Event "Avoine op 30th"]
[Site "Avoine"]
[Date "2015.07.26"]
[Round "9"]
[White "Milu, Romeo Sorin"]
[Black "Cau, Benjamin"]
[Result "1-0"]
[WhiteElo "2376"]
[BlackElo "2133"]
[PlyCount "83"]
[EventDate "2015.07.18"]
[EventType "swiss"]
[EventRounds "9"]
[EventCountry "FRA"]
[SourceTitle "EXT 2016"]
[Source "ChessBase"]
[SourceDate "2015.10.08"]
[SourceVersion "1"]
[SourceVersionDate "2015.10.08"]
[SourceQuality "1"]

1. e4 c6 2. d4 d5 3. e5 Bf5 4. Nc3 a6 5. Nge2 e6 6. Ng3 Bg6 7. h4 h6 8. h5 Bh7 9. Bd3 Bxd3 10. cxd3 Qb6 11. Be3 Nd7 12. 0-0 Qxb2 13. Nce2 Qa3 14. f4 Ne7 15. Bc1 Qa5 16. a4 c5 17. Bd2 Qd8 18. Rb1 Rb8 19. f5 Nxf5 20. Nxf5 exf5 21. Nf4 Be7 22. Nxd5 0-0 23. Rxf5 cxd4 24. Qg4 Kh8 25. Rbf1 f6 26. Bxh6 gxh6 27. Qg6 Nxe5 28. Rxe5 fxe5 29. Qxh6+ Kg8 30. Qg6+ Kh8 31. Qh6+ Kg8 32. Qe6+ Kg7 33. Qg6+ Kh8 34. Qh6+ Kg8 35. Qe6+ Kg7 36. Qxe5+ Kh6 37. Qe6+ Kxh5 38. Nf4+ Rxf4 39. Rxf4 Bg5 40. g4+ Kh4 41. Qe1+ Kh3 42. Qf1+ 1-0

[Event "Avoine op 30th"]
[Site "Avoine"]
[Date "2015.07.21"]
[Round "4"]
[White "Le Borgne, Pierre"]
[Black "Milu, Romeo Sorin"]
[Result "1/2-1/2"]
[WhiteElo "2252"]
[BlackElo "2376"]
[PlyCount "31"]
[EventDate "2015.07.18"]
[EventType "swiss"]
[EventRounds "9"]
[EventCountry "FRA"]
[SourceTitle "EXT 2016"]
[Source "ChessBase"]
[SourceDate "2015.10.08"]
[SourceVersion "1"]
[SourceVersionDate "2015.10.08"]
[SourceQuality "1"]

1. e4 e5 2. Nf3 Nc6 3. Bb5 Nf6 4. 0-0 Nxe4 5. d4 Nd6 6. dxe5 Nxb5 7. a4 d6 8. Re1 Be7 9. axb5 Nxe5 10. Nxe5 dxe5 11. Qxd8+ Kxd8 12. Rxe5 Bd6 13. Rd5 Re8 14. Be3 Re5 15. Rd2 b6 16. Nc3 1/2-1/2

[Event "Avoine op 30th"]
[Site "Avoine"]
[Date "2015.07.20"]
[Round "3"]
[White "Milu, Romeo Sorin"]
[Black "Chemla, Oscar"]
[Result "1-0"]
[WhiteElo "2376"]
[BlackElo "2069"]
[PlyCount "79"]
[EventDate "2015.07.18"]
[EventType "swiss"]
[EventRounds "9"]
[EventCountry "FRA"]
[SourceTitle "EXT 2016"]
[Source "ChessBase"]
[SourceDate "2015.10.08"]
[SourceVersion "1"]
[SourceVersionDate "2015.10.08"]
[SourceQuality "1"]

1. e4 c5 2. Nf3 d6 3. c3 Nf6 4. h3 g6 5. Bd3 Bg7 6. 0-0 0-0 7. Bc2 Nc6 8. d4 cxd4 9. cxd4 e5 10. Nc3 h6 11. Be3 Re8 12. d5 Ne7 13. a4 Nh5 14. a5 Bd7 15. Ba4 Bxa4 16. Rxa4 Qd7 17. Rb4 f5 18. Qb3 Reb8 19. Rd1 f4 20. Bd2 a6 21. Na4 Nc8 22. Rc1 Nf6 23. Rbc4 Ne8 24. Nh2 h5 25. Qd1 Bf6 26. Nf1 Bd8 27. Kh2 Nf6 28. b3 b5 29. axb6 Nxb6 30. Nxb6 Bxb6 31. f3 a5 32. Rc6 Ne8 33. Bc3 Nc7 34. Bxe5 dxe5 35. Rxg6+ Kf7 36. Rcc6 Ne8 37. Rxb6 Rc8 38. Nd2 Nd6 39. Qa1 Rc5 40. Qxe5 1-0

[Event "Arad op 7th"]
[Site "Arad"]
[Date "2014.08.07"]
[Round "5"]
[White "Milu, Romeo Sorin"]
[Black "Tadic, Branko"]
[Result "1/2-1/2"]
[WhiteElo "2372"]
[BlackElo "2495"]
[PlyCount "23"]
[EventDate "2014.08.04"]
[EventType "swiss"]
[EventRounds "9"]
[EventCountry "ROU"]
[SourceTitle "CBM 161 Extra"]
[Source "ChessBase"]
[SourceDate "2014.08.29"]
[SourceVersion "1"]
[SourceVersionDate "2014.08.29"]
[SourceQuality "1"]

1. e4 c5 2. Nf3 Nc6 3. c3 d5 4. exd5 Qxd5 5. d4 Bf5 6. Be3 Nf6 7. Be2 Ng4 8. 0-0 g6 9. Na3 Bg7 10. Bc4 Qd6 11. dxc5 Qb8 12. Qe2 1/2-1/2

[Event "Arad op 7th"]
[Site "Arad"]
[Date "2014.08.06"]
[Round "4"]
[White "Balog, Imre1111"]
[Black "Milu, Romeo Sorin"]
[Result "1/2-1/2"]
[WhiteElo "2520"]
[BlackElo "2372"]
[PlyCount "43"]
[EventDate "2014.08.04"]
[EventType "swiss"]
[EventRounds "9"]
[EventCountry "ROU"]
[SourceTitle "CBM 161 Extra"]
[Source "ChessBase"]
[SourceDate "2014.08.29"]
[SourceVersion "1"]
[SourceVersionDate "2014.08.29"]
[SourceQuality "1"]

1. d4 Nf6 2. Nf3 g6 3. c4 Bg7 4. Nc3 d6 5. Bg5 h6 6. Bh4 g5 7. Bg3 Nh5 8. e3 Nd7 9. Bd3 c5 10. Qe2 Qa5 11. 0-0-0 a6 12. Nd2 Nxg3 13. hxg3 b5 14. Nb3 Qc7 15. Kb1 Nb6 16. Be4 Rb8 17. dxc5 Nxc4 18. cxd6 Nxd6 19. Nd5 Qc4 20. Bf3 g4 21. Be4 f5 22. Qc2 1/2-1/2

[Event "Cap Aurora op"]
[Site "Cap Aurora"]
[Date "2014.06.27"]
[Round "8"]
[White "Milu, Romeo Sorin"]
[Black "Vasilescu, Lucian Mihail"]
[Result "1/2-1/2"]
[WhiteElo "2385"]
[BlackElo "2277"]
[PlyCount "54"]
[EventDate "2014.06.21"]
[EventType "swiss"]
[EventRounds "9"]
[EventCountry "ROU"]
[SourceTitle "CBM 161 Extra"]
[Source "ChessBase"]
[SourceDate "2014.08.29"]
[SourceVersion "1"]
[SourceVersionDate "2014.08.29"]
[SourceQuality "1"]

1. e4 c5 2. Nf3 Nf6 3. e5 Nd5 4. c3 Nc6 5. d4 cxd4 6. cxd4 d6 7. Bc4 e6 8. 0-0 Be7 9. Qe2 0-0 10. Nc3 dxe5 11. dxe5 Nxc3 12. bxc3 b6 13. Qe4 Qc7 14. Re1 Bb7 15. Bd3 g6 16. Qg4 Rfd8 17. Bf1 Rd5 18. Bf4 Rc5 19. Rac1 Na5 20. Ng5 Nc4 21. Qh4 h5 22. Qg3 Bf8 23. Bd3 Qd7 24. Be4 Bg7 25. Rcd1 Qe7 26. Qf3 Na5 27. Bxb7 Nxb7 1/2-1/2

[Event "Cap Aurora op"]
[Site "Cap Aurora"]
[Date "2014.06.22"]
[Round "2"]
[White "Milu, Romeo Sorin"]
[Black "Ribarov, Valerij"]
[Result "1-0"]
[WhiteElo "2385"]
[BlackElo "2056"]
[PlyCount "73"]
[EventDate "2014.06.21"]
[EventType "swiss"]
[EventRounds "9"]
[EventCountry "ROU"]
[SourceTitle "CBM 161 Extra"]
[Source "ChessBase"]
[SourceDate "2014.08.29"]
[SourceVersion "1"]
[SourceVersionDate "2014.08.29"]
[SourceQuality "1"]

1. e4 c5 2. Nf3 e6 3. d4 cxd4 4. Nxd4 Nf6 5. Nc3 d6 6. f4 a6 7. Be2 e5 8. Nb3 Be7 9. a4 b6 10. 0-0 0-0 11. Kh1 exf4 12. Bxf4 Nc6 13. Qd2 Qc7 14. Bg5 Be6 15. Rad1 Rfd8 16. Qf4 Ne8 17. Nd5 Bxd5 18. exd5 Bxg5 19. Qxg5 Qe7 20. Qf4 Ne5 21. Nd4 g6 22. Rd2 Rac8 23. Nc6 Qc7 24. Qh4 f6 25. Nxe5 fxe5 26. Bg4 Ng7 27. Bxc8 Rxc8 28. Rdf2 Nf5 29. Qg4 Qg7 30. c3 b5 31. axb5 axb5 32. Ra1 h6 33. b3 Qf6 34. Qb4 Rf8 35. Raf1 h5 36. g4 hxg4 37. Qxg4 1-0

[Event "ROM-ch"]
[Site "Baile Olanesti"]
[Date "2013.02.21"]
[Round "7"]
[White "Vasilescu, Lucian Mihail"]
[Black "Milu, Romeo Sorin"]
[Result "1/2-1/2"]
[WhiteElo "2279"]
[BlackElo "2392"]
[PlyCount "23"]
[EventDate "2013.02.16"]
[EventType "swiss"]
[EventRounds "11"]
[EventCountry "ROU"]
[SourceTitle "CBM 153 Extra"]
[Source "ChessBase"]
[SourceDate "2013.04.22"]
[SourceVersion "1"]
[SourceVersionDate "2013.04.22"]
[SourceQuality "1"]

1. e4 c5 2. Nf3 d6 3. g3 Nc6 4. Bg2 g6 5. 0-0 Bg7 6. c3 e5 7. Na3 Nge7 8. d3 0-0 9. Nc4 h6 10. a4 Be6 11. Be3 b6 12. Qd2 1/2-1/2

[Event "ROM-chT"]
[Site "Brasov"]
[Date "2011.10.12"]
[Round "5.5"]
[White "Milu, Romeo Sorin"]
[Black "Jianu, Vlad Cristian"]
[Result "1/2-1/2"]
[WhiteElo "2421"]
[BlackElo "2502"]
[PlyCount "33"]
[EventDate "2011.10.08"]
[EventType "team-tourn"]
[EventRounds "9"]
[EventCountry "ROU"]
[SourceTitle "CBM 144 Extra"]
[Source "ChessBase"]
[SourceDate "2011.10.28"]
[SourceVersion "1"]
[SourceVersionDate "2011.10.28"]
[SourceQuality "1"]
[WhiteTeam "Ploiesti Conpet"]
[BlackTeam "Lugoj"]
[WhiteTeamCountry "ROU"]
[BlackTeamCountry "ROU"]

1. e4 c5 2. Nf3 d6 3. d4 cxd4 4. Nxd4 Nf6 5. Nc3 g6 6. Be3 Bg7 7. f3 0-0 8. Qd2 Nc6 9. g4 Be6 10. 0-0-0 Nxd4 11. Bxd4 Qa5 12. Kb1 Rfc8 13. a3 Rab8 14. Nd5 Qxd2 15. Nxf6+ Bxf6 16. Rxd2 Bxd4 17. Rxd4 1/2-1/2

[Event "ROM-chT"]
[Site "Eforie Nord"]
[Date "2009.09.25"]
[Round "7"]
[White "Timoshenko, Georgy"]
[Black "Milu, Romeo Sorin"]
[Result "1/2-1/2"]
[WhiteElo "2552"]
[BlackElo "2425"]
[PlyCount "83"]
[EventDate "2009.09.19"]
[EventType "team"]
[EventRounds "9"]
[EventCountry "ROU"]
[SourceTitle "CBM 132 Extra"]
[Source "ChessBase"]
[SourceDate "2009.11.03"]
[SourceVersion "1"]
[SourceVersionDate "2009.11.03"]
[SourceQuality "1"]

1. e4 c5 2. Nf3 d6 3. d4 cxd4 4. Nxd4 Nf6 5. Nc3 g6 6. Be3 Bg7 7. f3 0-0 8. Qd2 Nc6 9. Bc4 Bd7 10. 0-0-0 Ne5 11. Bb3 Rc8 12. Kb1 Nc4 13. Bxc4 Rxc4 14. g4 Qc7 15. h4 Rc8 16. h5 Rxc3 17. Qxc3 Qxc3 18. bxc3 Rxc3 19. Rd3 Rc4 20. h6 Bh8 21. Rhd1 Ba4 22. Nb3 Nd7 23. g5 Rc8 24. f4 Bb5 25. R3d2 f6 26. Bd4 Rf8 27. gxf6 Bxf6 28. e5 dxe5 29. Bxa7 exf4 30. Rxd7 Bxd7 31. Rxd7 Bh4 32. Rxb7 f3 33. Rb8 Rxb8 34. Bxb8 Be1 35. Ba7 f2 36. Nd2 Bxd2 37. Bxf2 Kf7 38. a4 Ke8 39. c4 Kd7 40. Kc2 Bxh6 41. a5 Bf4 42. Kd3 1/2-1/2

[Event "ROM-chT div-A"]
[Site "Predeal"]
[Date "2006.11.09"]
[Round "6"]
[White "Vysochin, Spartak"]
[Black "Milu, Romeo Sorin"]
[Result "1/2-1/2"]
[WhiteElo "2531"]
[BlackElo "2430"]
[PlyCount "36"]
[EventDate "2006.11.04"]
[EventType "team"]
[EventRounds "9"]
[EventCountry "ROU"]
[SourceTitle "EXT 2007"]
[Source "ChessBase"]
[SourceDate "2006.11.23"]
[SourceVersion "1"]
[SourceVersionDate "2006.11.23"]
[SourceQuality "1"]

1. e4 c5 2. c3 Nf6 3. e5 Nd5 4. Nf3 Nc6 5. Bc4 e6 6. d4 cxd4 7. cxd4 d6 8. 0-0 Be7 9. Qe2 0-0 10. Re1 Bd7 11. Nc3 Nxc3 12. bxc3 dxe5 13. dxe5 Qa5 14. Rb1 Rab8 15. Bd3 Rfd8 16. Ng5 g6 17. Qf3 Be8 18. Qh3 h5 1/2-1/2

[Event "ROM-chT div-A"]
[Site "Predeal"]
[Date "2006.11.08"]
[Round "5"]
[White "Milu, Romeo Sorin"]
[Black "Ionescu, Mihai"]
[Result "1-0"]
[WhiteElo "2430"]
[BlackElo "2346"]
[PlyCount "115"]
[EventDate "2006.11.04"]
[EventType "team"]
[EventRounds "9"]
[EventCountry "ROU"]
[SourceTitle "EXT 2007"]
[Source "ChessBase"]
[SourceDate "2006.11.23"]
[SourceVersion "1"]
[SourceVersionDate "2006.11.23"]
[SourceQuality "1"]

1. e4 e5 2. Nf3 Nf6 3. Nxe5 d6 4. Nf3 Nxe4 5. Nc3 Nf6 6. d4 Be7 7. Bd3 0-0 8. Ne2 Nc6 9. c3 Re8 10. 0-0 h6 11. Ng3 d5 12. h3 Bd6 13. Qc2 Be6 14. Re1 Ne7 15. Ne5 c5 16. Bb5 Rf8 17. dxc5 Bxc5 18. Nd3 Bd6 19. Nf4 Bd7 20. Bxd7 Qxd7 21. Be3 Rfe8 22. Rad1 Qc7 23. Ngh5 Nxh5 24. Nxh5 Bh2+ 25. Kh1 Be5 26. f4 Bd6 27. f5 Be5 28. f6 Bxf6 29. Nxf6+ gxf6 30. Bxh6 Ng6 31. Rf1 Qc6 32. Rd3 Re6 33. Rg3 Re4 34. Rgf3 Re6 35. Be3 Rae8 36. Bd4 Re1 37. Qf2 Rxf1+ 38. Qxf1 Qc4 39. Rxf6 Qxf1+ 40. Rxf1 Re2 41. Rf2 Rxf2 42. Bxf2 a6 43. Bg3 f5 44. Bc7 Kf7 45. g3 Nf8 46. Bb6 Ne6 47. Be3 b5 48. Kg2 a5 49. Kf3 a4 50. h4 Kf6 51. a3 Kg6 52. g4 fxg4+ 53. Kxg4 Nd8 54. h5+ Kf7 55. Kf5 Nc6 56. Bd4 Kg8 57. Ke6 Na5 58. Be3 1-0

[Event "ROM-chT"]
[Site "Tusnad"]
[Date "2004.05.07"]
[Round "7.3"]
[White "Milu, Romeo Sorin"]
[Black "Sofronie, Iulian"]
[Result "1/2-1/2"]
[WhiteElo "2428"]
[BlackElo "2416"]
[PlyCount "36"]
[EventDate "2004.05.05"]
[EventType "team"]
[EventRounds "9"]
[EventCountry "ROU"]
[SourceTitle "EXT 2008"]
[Source "ChessBase"]
[SourceDate "2007.11.25"]
[SourceVersion "1"]
[SourceVersionDate "2007.11.25"]
[SourceQuality "1"]

1. e4 e5 2. Nf3 Nc6 3. Nc3 Nf6 4. d4 exd4 5. Nxd4 Bb4 6. Nxc6 bxc6 7. Bd3 d5 8. exd5 cxd5 9. 0-0 0-0 10. Bg5 c6 11. Qf3 Bd6 12. Rae1 h6 13. Bxf6 Qxf6 14. Qxf6 gxf6 15. Ne2 Rb8 16. b3 Bd7 17. Ng3 Rfe8 18. Nf5 Bxf5 1/2-1/2